Escudos de Liga F 2024/25 - Estadísticas

Estadísticas generales
  • Esta prueba ha sido intentada 56 veces
    26 desde el último reinicio
  • La puntuación promedio es 15 de 16
Estadísticas de respuestas
Imagen Respuesta % Correcto
Athletic Club
100%
Atlético de Madrid
100%
FC Barcelona
100%
Granada CF
100%
Levante UD
100%
RCD Espanyol
100%
Real Betis
100%
Real Madrid CF
100%
Real Sociedad
100%
SD Eibar
100%
Sevilla FC
100%
Valencia CF
100%
Deportivo de La Coruña
95%
UDG Tenerife
91%
Madrid CFF
86%
FC Levante Badalona
59%
No se encontraron pruebas coincidentes
Distribución de puntuación
Porcentaje de gente con cada puntuación
Porcentaje por número respondido
Historial de tus puntuaciones
No has intentado esta prueba desde el último reinicio